MDQL
is popping MORE tags! Check the
thread
!
Quizzes
Events
Quiz Creation
Community
Videos
Private Events
Remove Ads
Sign In
Join for FREE
Feedback
Dark Mode
Quiz Categories
Sports
Geography
Music
Movies
Television
Just For Fun
Miscellaneous
History
Literature
Language
Science
Gaming
Entertainment
Religion
Holiday
For Kids
Quiz Lab
Recent
Popular Today
Quiz Kudos Today
Editor Picks
Curator Picks
Quizzes by...
Day
Popularity
Type
Ratings
Length
Year
Community
Subscriptions
Recent Discussions
Orange Saloon
Badges
Playlists
Quests
Create
Leaderboards
Showdown
Live 5
Trivia Bingo
Activity
Puzzle Library
Sporcle Events
Private Events
Virtual Trivia
Globe League
Become a Host
Pub Owners
SporcleCon
Opinionation
Our Games
Videos
Blog
Mobile Apps
Partnerships
Remove Ads and Go Orange
Feedback
Music
Pop Music
The Beatles
Song
Album
Lyrics
Bands
Singers
Artist
Clip
Rock
Rap
Classical
Billboard
Country Music
Kpop
Taylor Swift
Music
Pop Music
The Beatles
Song
Album
Lyrics
Bands
Singers
Artist
Clip
Rock
Rap
Classical
Billboard
Country Music
Kpop
Taylor Swift
Random Quiz
Search Sporcle
×
Quiz Lab
Quiz Lab
Music
Bands
Type in answers that appear in a list
Type in answers that appear in a list
Classic
Best Score? Go Orange.
Shoegaze Bands Stats
Can you name the bands associated with the shoegaze movement?
By
trivial
6m
12 Questions
881 Plays
881 Plays
881 Plays
Comments
Comments
Give Quiz Kudos
Give Quiz Kudos
-
- Ratings
hide this ad
Forced Order
Answers have to be entered in order
Answers have to be entered in order
Random Order
Randomize order of answers
Randomize order of answers
Replay
Link that replays current quiz
Next Quiz
Link to next quiz in quiz playlist
You Got
0%
They Got
Avg Score
45%
Avg Friend Score
Upgrade to see
Score Distribution
Jump to the score distribution portion of the page
Score
0/12
Timer
06:00
0
Plays Today
Single, EP or Album
Band
% Correct
Isn't Anything, Loveless, Feed Me With Your Kiss
My Bloody Valentine
92.7%
Souvlaki, Catch the Breeze, Just for a Day
Slowdive
92.6%
Going Blank Again, Play, Nowhere
Ride
71.9%
Gala, Mad Love, Spooky
Lush
59.6%
Whirlpool, Pearl, Blood Music
Chapterhouse
57.2%
Ferment, Chrome, Happy Days
Catherine Wheel
41.5%
The Comforts of Madness, In Ribbons, Flesh Balloon
Pale Saints
38.2%
Ichabod and I, Everything's Alright Forever, Kaleidoscope
Boo Radleys
25.8%
Jack, ...XYZ, Cool Breeze
Moose
25.5%
I'll Be Your Saint, Against Perfection, Sistine Chapel Ceiling
Adorable
19.8%
Livonia, Home Is In Your Head, Mouth by Mouth
His Name Is Alive
9.3%
fan, Love 15, Sans Muscles
Majesty Crush
7.3%
Quiz Playlist
Details
Report
Send in Message
Add To Playlist
Classic:
Type in answers that appear in a list
Forced Order:
Answers have to be entered in order
Random Order:
Randomize order of answers
Last Updated: Feb 16, 2017
Quiz Scoreboard
CHALLENGE
Sign Up to Join the Scoreboard
Show All
Scores
Hide
Comments
May contain spoilers
Recently Published
1-10 Letter E Words III
by El_Dandy
Language
2m
Street Fighter Characters
by Artimus82
Gaming
60s
College Basketball Coaching Resumes
by pancakes188
Sports
9m
More to Explore
Quiz From the Vault
Featured Blog Post
Where Did the Easter Bunny Come From?
hide this ad
You Might Also Like...
Tags
Album Quiz
Bands Quiz
Movement
Shoegaze
Single
Today's Top Quizzes in Music
Browse Music
hide this ad
Today's Top Quizzes in Bands
Browse Bands
Top Contributed Quizzes in Music
1
Taylor Swift All Songs (2024)
2
Taylor Swift Logic Puzzle
3
Guess the Artist- 70s Songs
4
7-to-1: Billboard Hot 100 #1 Hits of 2010s
5
Sorting Albums and Songs
6
KPOP LOGIC QUIZ
7
Billboard Blitz: Aretha Franklin
8
Guess the Taylor Swift song (Mystery Song)
9
Guess The Taylor Swift Lyrics Song #1
10
Billboard Blitz: ABBA
Explore More
Trending Topics
Harry Potter
Marvel
Anime
NBA
Crossword
Disney
Kpop
Soccer
Song
NFL
Country
Pokémon
The Office
WWE
Puzzle
hide this ad
More By:
trivial
Quiz
Plays
Rating
Category
Featured
Created
Sitcoms Named for Comedians
29,413
4.16
Television
Apr 8, 2016
Alpine Skiing Terms
955
4.00
Sports
Nov 18, 2009
Shoegaze Bands
881
5.00
Music
Oct 20, 2009
MLB Batting Average Leaders (Clickable)
580
4.25
Sports
Mar 29, 2012
Men's Swimming 200 Free WR Holders
427
5.00
Sports
Oct 19, 2009
Go to Creator's Profile
Score Distribution
Quiz Creator Spotlight
trivial
Follow
Send a Message
Quizzes Created
-
Created Quiz Play Count
-
More By This Creator
Popular Quizzes Today
1
Find the US States - No Outlines Minefield
2
Find the Countries of Europe - No Outlines Minefield
3
Find the US States
4
The Countries of the World
5
Risky Map Clicking: Biggest States A-Z
6
US States
7
Popular People in 1961
8
Movies - When Are They Set?
More Music Quizzes
Madonna #1 Singles
Published
Trending Quizzes
Risky Map Clicking: Least Populous States A-Z
1-10 Letter G Words
1-10 Letter F Words
Countries of the World: 200 Million BC
Risky Map Clicking: Next State Alphabetically
Recently Updated
Rides in Walt Disney World
pecheneg
Most Oscar Losses (Acting)
pecheneg
Beyoncé Albums
pecheneg
Leaping Animals
pecheneg
Reality TV Shows (A-Z)
bhenderson79
Rickey Henderson's Hall of Fame Teammates
pecheneg
Champions League XIs: Arsenal
pecheneg
Quick Pick: Celebrities in WWE's Hall of Fame
aduchscher
A-Z Keypad Blitz II
pecheneg
Trending Topics
Marvel
Harry Potter
Kpop
Crossword
Disney
Anime
NBA
Pokémon
NFL
WWE
Song
The Office
Puzzle
Soccer
Country
Your Account Isn't Verified!
In order to create a playlist on Sporcle, you need to verify the email address you used during registration. Go to your
Sporcle Settings
to finish the process.
Report this User
Report this user for behavior that violates our
Community Guidelines
.
Details:
Send Report
Go to the Sporcle.com Mobile Site →
Comments